000
00248nam a22000857a 4500
082
_a
923.2549
_b
QUA
245
_a
Quaid-i-Azam Mohammad Ali Jinnah (Album) /Prepared by Cabinet Division
_c
Services Book Club 1997
300
_a
175p. ;
942
_2
ddc
_c
BK
999
_c
594615
_d
594615